2023/24 Premier League Teams - Statistics

General Stats
  • This quiz has been taken 15 times
  • The average score is 15 of 20
Answer Stats
Hint Answer % Correct
The Gunners Arsenal
93%
The Blues Chelsea
93%
The Citizens Man City
93%
Spurs Tottenham Hotspur
93%
The Reds Liverpool
86%
The Red Devils Man United
86%
The Wolves Wolves
86%
The Seagulls Brighton
79%
The Eagles Crystal Palace
79%
The Magpies Newcastle United
79%
The Hammers West Ham
79%
The Bees Brentford
71%
The Lions Aston Villa
64%
The Cherries Bournemouth
64%
The Toffees Everton
64%
The Cottagers Fulham
64%
The Hatters Luton Town
64%
The Tricky Trees Nottingham Forest
64%
The Blades Sheffield United
64%
The Clarets Burnley
57%
No matching quizzes found
Score Distribution
Percent of People with Each Score
Percentile by Number Answered
Your Score History
You have not taken this quiz